000 00752cam a22002653a 4500
001 994
003 PGUSA
005 20140828082955.0
008 970701s1997||||xxu|||||s|||||000 | eng d
040 _aPGUSA
_beng
042 _adc
050 4 _aPR
100 1 _aSynge, J. M.
_q(John Millington),
_d1871-1909
245 1 0 _aRiders to the Sea
_h[electronic resource] /
_cJ. M. Synge
260 _bProject Gutenberg,
_c1997
506 _aPublic domain in the USA.
516 _aElectronic text
653 _aIreland -- Drama
653 _aMothers and sons -- Drama
653 _aSeafaring life -- Drama
653 _aDrowning victims -- Drama
830 0 _aProject Gutenberg
_v994
856 4 0 _uhttp://www.gutenberg.org/ebooks/994
942 _cEB
999 _c230345
_d230345